Developments in stress analysis for pressurised components / (Record no. 546653)
[ view plain ]
| 000 -LEADER | |
|---|---|
| fixed length control field | 00526nam a2200157 i 4500 |
| 020 ## - INTERNATIONAL STANDARD BOOK NUMBER | |
| International Standard Book Number | 0853347247 : |
| 082 00 - DEWEY DECIMAL CLASSIFICATION NUMBER | |
| Classification number | 624.176 |
| Author Mark | DEV |
| -- | L-20,P-208 |
| 245 00 - TITLE STATEMENT | |
| Title | Developments in stress analysis for pressurised components / |
| Statement of responsibility, etc. | edited by R. W. Nichols. |
| 260 ## - PUBLICATION, DISTRIBUTION, ETC. | |
| Place of publication, distribution, etc. | London : |
| Name of publisher, distributor, etc. | Applied Science Publishers, |
| Date of publication, distribution, etc. | c1977. |
| 300 ## - PHYSICAL DESCRIPTION | |
| Extent | x, 210 p. : |
| Other physical details | graphs ; |
| Dimensions | 23 cm. |
| 490 0# - SERIES STATEMENT | |
| Series statement | Developments series |
| 526 ## - STUDY PROGRAM INFORMATION NOTE | |
| Program name | 0 |
| Interest level | 0 |
| Reading level | 0 |
| Title point value | 624_176000000000000_DEV |
| 650 #0 - SUBJECT ADDED ENTRY--TOPICAL TERM | |
| Topical term or geographic name entry element | Pressure vessels. |
| 9 (RLIN) | 42835 |
| 700 1# - ADDED ENTRY--PERSONAL NAME | |
| Personal name | Nichols, R. W. |
| 9 (RLIN) | 42836 |
| 942 ## - ADDED ENTRY ELEMENTS (KOHA) | |
| Source of classification or shelving scheme | |
| Koha item type | Book |
| Withdrawn status | Lost status | Source of classification or shelving scheme | Damaged status | Not for loan | Permanent Location | Current Location | Date acquired | Total Checkouts | Full call number | Barcode | Date last seen | Price effective from | Koha item type |
|---|---|---|---|---|---|---|---|---|---|---|---|---|---|
| Military College of Engineering (MCE) | Military College of Engineering (MCE) | 06/17/2014 | 624.176 DEV | MCE-28458 | 06/17/2014 | 06/17/2014 | Book |
